<?xml version="1.0" encoding="UTF-8"?>
<record
    xmlns:xsi="http://www.w3.org/2001/XMLSchema-instance"
    xsi:schemaLocation="http://www.loc.gov/MARC21/slim http://www.loc.gov/standards/marcxml/schema/MARC21slim.xsd"
    xmlns="http://www.loc.gov/MARC21/slim">

  <leader>00918nam a2200229Ia 4500</leader>
  <datafield tag="999" ind1=" " ind2=" ">
    <subfield code="c">45414</subfield>
    <subfield code="d">45414</subfield>
  </datafield>
  <controlfield tag="001">12238</controlfield>
  <controlfield tag="003">GE_BSU</controlfield>
  <controlfield tag="005">20221117154333.0</controlfield>
  <controlfield tag="008">181216s2004en  xx |||||||||||||| ||eng||</controlfield>
  <datafield tag="020" ind1=" " ind2=" ">
    <subfield code="a">9780080441726 x</subfield>
  </datafield>
  <datafield tag="040" ind1=" " ind2=" ">
    <subfield code="c">GE_BSU</subfield>
  </datafield>
  <datafield tag="041" ind1=" " ind2=" ">
    <subfield code="a">eng</subfield>
  </datafield>
  <datafield tag="080" ind1=" " ind2=" ">
    <subfield code="a">338.48 T-79</subfield>
  </datafield>
  <datafield tag="245" ind1=" " ind2=" ">
    <subfield code="a">Tourism and Transport:Issues and Agenda For the New Millennium /</subfield>
    <subfield code="c">Edit.By: Les Lumsdon; Stephen J.Page.</subfield>
  </datafield>
  <datafield tag="264" ind1=" " ind2=" ">
    <subfield code="a">London:</subfield>
    <subfield code="b">Routledge,</subfield>
    <subfield code="c">2004.</subfield>
  </datafield>
  <datafield tag="300" ind1=" " ind2=" ">
    <subfield code="a">180 p.:</subfield>
    <subfield code="b">ill; maps.</subfield>
    <subfield code="c">25cm</subfield>
  </datafield>
  <datafield tag="653" ind1=" " ind2=" ">
    <subfield code="a">Tourism and Transport:Issues and Agenda For the New Millennium.</subfield>
  </datafield>
  <datafield tag="653" ind1=" " ind2=" ">
    <subfield code="a">&#x10E2;&#x10E3;&#x10E0;&#x10D8;&#x10D6;&#x10DB;&#x10D8; &#x10D3;&#x10D0; &#x10E2;&#x10E0;&#x10D0;&#x10DC;&#x10E1;&#x10DE;&#x10DD;&#x10E0;&#x10E2;&#x10D8;: &#x10D0;&#x10EE;&#x10D0;&#x10DA;&#x10D8; &#x10D0;&#x10D7;&#x10D0;&#x10E1;&#x10EC;&#x10DA;&#x10D4;&#x10E3;&#x10DA;&#x10D8;&#x10E1; &#x10E1;&#x10D0;&#x10D9;&#x10D8;&#x10D7;&#x10EE;&#x10D4;&#x10D1;&#x10D8; &#x10D3;&#x10D0; &#x10D3;&#x10E6;&#x10D8;&#x10E1; &#x10EC;&#x10D4;&#x10E1;&#x10E0;&#x10D8;&#x10D2;&#x10D8;.</subfield>
  </datafield>
  <datafield tag="700" ind1=" " ind2=" ">
    <subfield code="a">Lumsdon, Les</subfield>
    <subfield code="e">&#x10E0;&#x10D4;&#x10D3;&#x10D0;&#x10E5;&#x10E2;&#x10DD;&#x10E0;&#x10D8;</subfield>
    <subfield code="9">15899</subfield>
  </datafield>
  <datafield tag="700" ind1=" " ind2=" ">
    <subfield code="a">Page, Stephen J.</subfield>
    <subfield code="e">&#x10E0;&#x10D4;&#x10D3;&#x10D0;&#x10E5;&#x10E2;&#x10DD;&#x10E0;&#x10D8;</subfield>
    <subfield code="9">15900</subfield>
  </datafield>
  <datafield tag="942" ind1=" " ind2=" ">
    <subfield code="c">BK</subfield>
    <subfield code="2">udc</subfield>
  </datafield>
  <datafield tag="952" ind1=" " ind2=" ">
    <subfield code="0">0</subfield>
    <subfield code="1">0</subfield>
    <subfield code="2">udc</subfield>
    <subfield code="4">0</subfield>
    <subfield code="6">33848_T79</subfield>
    <subfield code="7">0</subfield>
    <subfield code="9">59384</subfield>
    <subfield code="a">CPL</subfield>
    <subfield code="b">CPL</subfield>
    <subfield code="c">GEN</subfield>
    <subfield code="d">2018-12-17</subfield>
    <subfield code="g">234.00</subfield>
    <subfield code="o">338.48 T-79</subfield>
    <subfield code="p">35996</subfield>
    <subfield code="r">2018-12-17</subfield>
    <subfield code="t">35996</subfield>
    <subfield code="w">2018-12-17</subfield>
    <subfield code="y">BK</subfield>
    <subfield code="z">234&#x10DA;.</subfield>
  </datafield>
</record>
